Investigación sobre el entendimiento humano

Gorde:
Xehetasun bibliografikoak
Egile nagusia: Hume, David (Egilea)
Formatua: Liburua
Hizkuntza:gaztelania
Argitaratua: Buenos Aires Losada 1945
Edizioa:2a. ed
Saila:Biblioteca Filosófica
Gaiak:
Etiketak: Etiketa erantsi
Etiketarik gabe, Izan zaitez lehena erregistro honi etiketa jartzen!

MARC

LEADER 00000nam a2200000 a 4500
001 UCZ2182
003 CL-VaPUC
005 20211207102141.0
008 950926e19450825AG |||||||||||||||||spa|d
999 |c 238826  |d 238824 
040 |c Pontificia Universidad Católica de Valparaíso 
082 0 4 |a 146.4  |b HUM  |2 21 
100 |a Hume, David  |e author  |9 858138 
245 1 0 |a Investigación sobre el entendimiento humano 
250 |a 2a. ed 
260 |a Buenos Aires  |b Losada  |c 1945 
300 |a 242 p 
490 0 |a Biblioteca Filosófica 
583 |a last modification  |c 19950926 00:00:00  |k Rodrigo Vera 
650 0 |a Filosofía Escocesa  |9 345970 
650 0 |a Empirismo  |9 255037 
650 0 |a Filósofos escoceses  |9 345971 
650 0 |a Teoría del conocimiento   |9 255038 
852 |a BIBCUR 
942 |c BK  |2 ddc 
945 |d 19950926 00:00:00  |a cmena 
952 |0 0  |1 0  |4 0  |6 146_400000000000000_HUM_1945  |7 0  |8 A  |9 249357  |a BIBEDU  |b BIBEDU  |d 2019-11-18  |i 1565354  |o 146.4 HUM 1945  |p 1565354  |r 2019-11-18  |w 2019-11-18  |y BK  |k FIL